Fallo del Concurso de los Premios San Jorge, 1952 de la Diputación Provincial de Barcelona
Colección:
San Jorge,
; núm. 6 (abril 1952), pàg 35-38
Idioma:
Español
MARC
| LEADER | 00000naa a2200000 a 4500 | ||
|---|---|---|---|
| 003 | Arxiu | ||
| 005 | 20260324181023.0 | ||
| 008 | 160829s1952 spc xx s spa c | ||
| 040 | |a agdb | ||
| 245 | 0 | 0 | |a Fallo del Concurso de los Premios San Jorge, 1952 de la Diputación Provincial de Barcelona |
| 490 | |a San Jorge, |v núm. 6 (abril 1952), pàg 35-38 | ||
| 590 | |a 1r Premi d'escultura San Jorge a Lorenzo Cairó. | ||
| 590 | |a 1r Premi de pintura a Luís Morató. | ||
| 610 | 1 | 0 | |a Barcelona (Catalunya : Província). |b Diputació |x Premis |9 54545 |
| 650 | 0 | |a Premios San Jorge |9 54544 | |
| 773 | |g Núm. 6 (abril 1952), pàg 35-38 |t San Jorge. | ||
| 901 | |a Arxiu | ||
| 942 | |n 1 |2 udc |c ART | ||
| 952 | |0 0 |1 0 |4 0 |6 REV508 |7 1 |9 64644 |a Arxiu |b Arxiu |d 2022-12-02 |l 0 |o Rev-508 |r 2022-12-02 00:00:00 |w 2022-12-02 |y ARXIU |z També disponible a Rev-521 | ||
| 999 | |c 43754 |d 43754 | ||